[Event "51st Groningen Open A 2013"]
[Site "Groningen NED"]
[Date "2013.12.27"]
[Round "6.39"]
[White "Theulings,PP"]
[Black "Dijkhuis,Sven"]
[Result "1-0"]
[WhiteElo "2130"]
[BlackElo "1941"]

1.Nf3 Nf6 2.c4 c5 3.Nc3 b6 4.g3 Bb7 5.Bg2 d6 6.d4 cxd4 7.Qxd4 e6 8.O-O Be7
9.Bg5 a6 10.Bxf6 Bxf6 11.Qf4 O-O 12.Rfd1 Be7 13.Ne4 Bxe4 14.Qxe4 Nd7 15.Nd4 Rc8
16.Nc6 Qe8 17.Nxe7+ Qxe7 18.Qd4 d5 19.cxd5 e5 20.d6 exd4 21.dxe7 Rfe8 22.Rxd4 Rxe7
23.Bh3 Rc7 24.Bxd7 Rexd7 25.Rad1 Rxd4 26.Rxd4 Kf8 27.Rd6 Rc1+ 28.Kg2 Rc2
29.Rxb6 Rxe2 30.Rxa6 Rxb2 31.Ra7 g6 32.a4 Ra2 33.a5 Ra3 34.a6 Kg7 35.Ra8 Kf6
36.h3 h6 37.Ra7 g5 38.Ra8 Kg6 39.h4 gxh4 40.gxh4 Kh5 41.a7 Kxh4 42.f4 h5
43.f5 Rg3+ 44.Kf2 Ra3 45.Ke2 Kh3 46.Kd2 h4 47.Kc2 Kh2 48.Kb2 Ra6 49.Kc3 h3
50.Kd4 Kh1 51.Rh8 Rxa7 52.Rxh3+ Kg2 53.Rb3 Ra5 54.Ke4 Ra6 55.Kf4 f6 56.Kg4 Ra7
57.Rb2+ Kf1 58.Rb6 Kf2 59.Rxf6 Ra4+ 60.Kg5 Kf3 61.Rb6 Rg4+ 62.Kf6 Rg1 63.Rb4 Ra1
64.Kg6  1-0

[Event "26th Staufer-Open A 2014"]
[Site "Schwaebisch Gmuend GER"]
[Date "2014.01.02"]
[Round "1.16"]
[White "Walter,F"]
[Black "Jurek,J"]
[Result "0-1"]
[WhiteElo "2127"]
[BlackElo "2293"]

1.c4 Nf6 2.Nf3 c5 3.Nc3 e6 4.g3 b6 5.Bg2 Bb7 6.O-O Be7 7.b3 O-O 8.Bb2 d6
9.d4 cxd4 10.Qxd4 a6 11.Rad1 Nbd7 12.Ng5 Bxg2 13.Kxg2 Qc7 14.Nge4 Rfd8 15.Nxf6+ Nxf6
16.Kg1 Rab8 17.Rc1 Qb7 18.Rfd1 b5 19.Ba1 bxc4 20.Qxc4 d5 21.Qd3 d4 22.Na4 e5
23.Nc5 Qb6 24.Na4 Qe6 25.Qc4 Qh3 26.f3 Nd5 27.Bxd4 exd4 28.Qxd4 Bg5  0-1

[Event "25th Roquetas de Mar Open"]
[Site "Roquetas de Mar ESP"]
[Date "2014.01.04"]
[Round "4.4"]
[White "Barria Zuniga,D"]
[Black "Plaskett,J"]
[Result "1/2-1/2"]
[WhiteElo "2435"]
[BlackElo "2490"]

1.Nf3 c5 2.c4 Nf6 3.Nc3 b6 4.g3 Bb7 5.Bg2 g6 6.O-O Bg7 7.d4 cxd4 8.Qxd4 d6
9.Rd1 Nbd7 10.b3 Rc8 11.Bb2 O-O 12.Rac1 Ne4 13.Qe3 Nxc3 14.Bxc3 Nf6 15.Bd4 Qc7
16.h3 Rfe8 17.b4 Qb8 18.Qb3 h6 19.Ba1 Qa8 20.Ne1 Rc7 21.Bxb7 Qxb7 22.Ng2 Rec8
23.Ne3 Qe4 24.a4 d5 25.c5 bxc5 26.Rxc5 Rxc5 27.bxc5 Rxc5 28.Bd4 Rc8 29.Qb7 Rf8
30.Qxa7 Qe6 31.a5 Qxh3 32.a6 Ng4 33.Nxg4 Qxg4 34.Bxg7 Kxg7 35.Qxe7 Qe6 36.Qb7 Qxe2
37.Rxd5 h5 38.a7 Qe1+ 39.Kg2 h4 40.a8=Q h3+ 41.Kxh3 Qh1+ 42.Kg4 Rxa8 43.Qb2+ Kh7
44.Qd4 Re8 45.Re5 Rc8 46.Qd5 Qxd5 47.Rxd5 Kg7  1/2-1/2